| 000 | 01185cad a22002295a 4500 | ||
|---|---|---|---|
| 001 | E151587 | ||
| 008 | 101122s2009 xxk f 000 0 eng d | ||
| 035 | _a(Sirsi) u151587 | ||
| 041 | 0 | _aeng | |
| 050 | 0 | 4 | _a333.33 $2 18 |
| 110 | 2 |
_aRoyal Institution of Chartered Surveyors _bEconomics _95033 |
|
| 245 | 0 | 0 |
_aRICS global distressed property monitor _bNovember 2009 _h[electronic resource] |
| 260 |
_aLondon _bRICS _c2009 |
||
| 490 | 0 |
_aRICS Global Distressed Property Monitor _vNovember 2009 |
|
| 520 | _aReports that over 80% of the 25 countries surveyed have seen a rise in distressed properties in Q3 2009. Predicts that Russia, US, Spain and Ireland will see the most rapid pick up in distressed properties in Q4 with more modest rises elsewhere. At the other end of the spectrum Brazil, Hong Kong and India are more optimistic, expecting fewer distressed listings. | ||
| 521 | _aAdvanced | ||
| 590 | _aKA | ||
| 651 | 4 | _aInternational | |
| 690 | _aPROPERTY-COMMERCIAL PROPERTY-COMMERCIAL PROPERTY MARKET | ||
| 856 | 4 | 0 |
_uhttps://www.rics.org/site/download_feed.aspx?fileID=5140&fileExtension=PDF _zView the document free of charge (pdf file) at www.rics.org... |
| 942 | _n0 | ||
| 999 |
_c111461 _d111461 |
||